000 00414nam a2200169 i 4500
001 bg
100 1 _aLeyko, Jerzy
_d(1918-1995).
245 0 _aMechanika ogólna.
_nCz. 1,
_pStatyka /
_cJerzy Leyko.
250 _aWyd. 6.
260 _aŁódź,
_c1963.
650 9 _aMechanika
655 _aPodręczniki akademickie
040 _cBPK
041 _apol
942 _cKS
008 s pl f |000 0 pol
999 _c7050
_d7050
856 _uhttp://koha.tu.koszalin.pl/cgi-bin/koha/opac-detail.pl?biblionumber=7050
_yKatalog online BPK